00330 2200145 4500245004300000250001100043100002300054650001600077650001700093005001900110260001800129041001400147084001400161336000900175 aBlooming DaycRahma Mutiara HadihText aCet. 1 aRahma Mutiara Hadi aKarya Siswa aAutobiografi a20250521100723 aJakartac2025 aIndonesia a081 RAH b atext